LEADER 00847nam0-2200253 --450 001 9910173458903321 005 20170607122813.0 010 $a978-1-107-63038-3$bPaperback 100 $a20170607d2015----kmuy0itay5050 ba 101 1 $aeng 102 $aGB 105 $a 001yy 200 1 $aPolitical economies of empire in the early modern Mediterranean$ethe decline of Venice and the rise of England, 1450-1700$fMaria Fusaro 210 $aCambridge$cCambridge University press$d2015 215 $aXXIII, 408 p.$cill.$d24 cm 300 $aBibliogr.: p. 359-395 700 1$aFusaro,$bMaria$0324790 801 0$aIT$bUNINA$gREICAT$2UNIMARC 901 0$aBK 912 $a9910173458903321 952 0$aSE 123.03.07$fDECSE 959 0$aDECSE 996 $aPolitical economies of empire in the early modern Mediterranean$91469506 997 $aUNINA LEADER 05752nam 2200697 450 001 9910464530903321 005 20200903223051.0 010 $a3-03826-507-1 035 $a(CKB)3710000000168265 035 $a(EBL)1910819 035 $a(SSID)ssj0001336777 035 $a(PQKBManifestationID)11742963 035 $a(PQKBTitleCode)TC0001336777 035 $a(PQKBWorkID)11307435 035 $a(PQKB)10849234 035 $a(MiAaPQ)EBC1910819 035 $a(Au-PeEL)EBL1910819 035 $a(CaPaEBR)ebr10895034 035 $a(OCoLC)889265798 035 $a(EXLCZ)993710000000168265 100 $a20140721h20142014 uy 0 101 0 $aeng 135 $aurcnu|||||||| 181 $ctxt 182 $cc 183 $acr 200 10$aAdvancements in automation and control technologies $eselected, peer reviewed papers from the 2014 International Conference on Advancements in Automation and Control (ICAAC 2014), April 11-12, 2014, Ramanathapuram, Tamilnadu, India /$fedited by S. Selvaperumal, R. Nagarajan and P. Nedumal Pugazhenthi 210 1$aZurich, Switzerland :$cTTP,$d2014. 210 4$d©2014 215 $a1 online resource (872 p.) 225 1 $aApplied Mechanics and Materials,$x1662-7482 ;$vVolume 573 300 $aDescription based upon print version of record. 311 $a3-03835-124-5 320 $aIncludes bibliographical references at the end of each chapters and indexes. 327 $aAdvancements in Automation and Control Technologies; Preface, Committees and Sponsors; Table of Contents; Chapter 1: Power Electronics and Integrated Control Circuits; Design and Implementation of GA Based Selective Harmonic Elimination in Modified Cascaded Multilevel Inverter; Comparative Analysis of Fixed Speed & Variable Speed Response of PFC Zeta Converter Fed PMSM Drive Using PI Controller; Predetermination of Higher Order Harmonics by Dual Phase Analysis; Performance Investigation of PI Controller Based Chopper Fed DC Drive 327 $aComparison of DC-DC Converter in PV System Using Soft Computing Technique Hardware Implementation of Single-Stage Solar Based DC-DC Converter for Inductive Load Application; Closed Loop Control of Positive Output Re-Lift Luo Converter with PSO and Cuckoo Techniques; Intelligent Controller for Shunt Active Power Filter to Improve Power Quality; High Efficient Induction Motor Drives Using Triple Lift Converter; Optimization of Subcell Interconnection for Multijunction Solar Cells Using DC-DC Converter; Comparison of Current Control Strategies of Shunt Active Power Filter 327 $aAugmentation of Real Power from Renewable Energy Sources across the DC Link of the UPFC Using Fuzzy Logic Control Scheme Power Quality Improvement in Single Phase AC-DC Three Level Boost Converter Using PI and SMC; Exploration of EMI in Buck Boost Converter - A Real Time Approach ; A ZVS DC-DC Converter with High Voltage Gain for Fuel Cell Systems; Performance Comparison of P&O and INC MPPT Techniques for a Boost Converter in Solar Photovoltaic System; New Cost Effective Inverter Fed BLDC Motor for Electric Vehicle Applications 327 $aDevelopment of Zeta Converter for Permanent Magnet Brushless Direct Current Motor Analysis and Design of Single Phase AC-DC Modified SEPIC Converter; Digital Control of Space Vector Pulse Width Modulation Based Shunt Active Filter; A Modified Current Controller for H-Bridge Active Filter to Reduce Harmonics in Single Phase System; Time Domain Based Digital Controller for Sepic Converter; Design and Evaluation of PI Controller for Four Switch BLDC Motor Drive; A Novel Soft Switching Based Fuzzy Logic Control for Single Phase Inverter 327 $a3-Level Inverter Fed Direct Torque Control of Induction Motor without Using Medium Vectors Hybrid Anti-Windup Fuzzy PI Controller Based Direct Torque Control of Three Phase Induction Motor; Modeling and PID Control of Single Switch Bridgeless SEPIC PFC Converter; Chapter 2: VLSI Design for Intelligent Control; Power Optimization in Domino Circuits Using Current Mirror Based Leakage Compensating Keeper; Performance Analysis of an Area Efficient and Low Power MOD-R2MDC FFT for MIMO OFDM; SRAM Based Random Number Generator for Non-Repeating Pattern Generation 327 $aArea Efficient Carry Select Adder Using Negative Edge Triggered D-Flipflop 330 $aCollection of selected, peer reviewed papers from the 2014 International Conference on Advancements in Automation and Control (ICAAC 2014), April 11-12, 2014, Ramanathapuram, Tamilnadu, India. The 138 papers are grouped as folllows: Chapter 1: Power Electronics and Integrated Control Circuits, Chapter 2: VLSI Design for Intelligent Control, Chapter 3: Automation and Control, Chapter 4: Communication Engineering, Chapter 5: Image and Signal Processing, Chapter 6: Computer Engineering and Information Technologies, Chapter 7: Materials Processing in Mechanical Engineering, Chapter 8: Advanced Pow 410 0$aApplied mechanics and materials ;$vVolume 573. 606 $aDigital control systems$vCongresses 606 $aAutomation$xData processing$vCongresses 606 $aAutomatic control$vCongresses 608 $aElectronic books. 615 0$aDigital control systems 615 0$aAutomation$xData processing 615 0$aAutomatic control 676 $a629.8 702 $aSelvaperumal$b S. 702 $aNagarajan$b R. 702 $aPugazhenthi$b P. Nedumal 712 12$aInternational Conference on Advancements in Automation and Control 801 0$bMiAaPQ 801 1$bMiAaPQ 801 2$bMiAaPQ 906 $aBOOK 912 $a9910464530903321 996 $aAdvancements in automation and control technologies$92050260 997 $aUNINA LEADER 03806nam 22005895 450 001 9910299780203321 005 20251116133845.0 010 $a1-4939-2181-9 024 7 $a10.1007/978-1-4939-2181-2 035 $a(CKB)3710000000324982 035 $a(SSID)ssj0001408281 035 $a(PQKBManifestationID)11766018 035 $a(PQKBTitleCode)TC0001408281 035 $a(PQKBWorkID)11346384 035 $a(PQKB)10923605 035 $a(DE-He213)978-1-4939-2181-2 035 $a(MiAaPQ)EBC6313115 035 $a(MiAaPQ)EBC5576248 035 $a(Au-PeEL)EBL5576248 035 $a(OCoLC)899265028 035 $a(PPN)183153197 035 $a(EXLCZ)993710000000324982 100 $a20141215d2015 u| 0 101 0 $aeng 135 $aurnn#008mamaa 181 $ctxt 182 $cc 183 $acr 200 10$aIntroduction to Nonlinear Dispersive Equations /$fby Felipe Linares, Gustavo Ponce 205 $a2nd ed. 2015. 210 1$aNew York, NY :$cSpringer New York :$cImprint: Springer,$d2015. 215 $a1 online resource (XIV, 301 p. 1 illus.) 225 1 $aUniversitext,$x0172-5939 300 $aBibliographic Level Mode of Issuance: Monograph 311 08$a1-4939-2180-0 327 $a1. The Fourier Transform -- 2. Interpolation of Operators -- 3. Sobolev Spaces and Pseudo-Differential Operators -- 4. The Linear Schrodinger Equation -- 5. The Non-Linear Schrodinger Equation -- 6. Asymptotic Behavior for NLS Equation -- 7. Korteweg-de Vries Equation -- 8. Asymptotic Behavior for k-gKdV Equations -- 9. Other Nonlinear Dispersive Models -- 10. General Quasilinear Schrodinger Equation -- Proof of Theorem 2.8 -- Proof of Lemma 4.2 -- References -- Index. 330 $aThis textbook introduces the well-posedness theory for initial-value problems of nonlinear, dispersive partial differential equations, with special focus on two key models, the Korteweg?de Vries equation and the nonlinear Schrödinger equation. A concise and self-contained treatment of background material (the Fourier transform, interpolation theory, Sobolev spaces, and the linear Schrödinger equation) prepares the reader to understand the main topics covered: the initial-value problem for the nonlinear Schrödinger equation and the generalized Korteweg?de Vries equation, properties of their solutions, and a survey of general classes of nonlinear dispersive equations of physical and mathematical significance. Each chapter ends with an expert account of recent developments and open problems, as well as exercises. The final chapter gives a detailed exposition of local well-posedness for the nonlinear Schrödinger equation, taking the reader to the forefront of recent research. The second edition of Introduction to Nonlinear Dispersive Equations builds upon the success of the first edition by the addition of updated material on the main topics, an expanded bibliography, and new exercises. Assuming only basic knowledge of complex analysis and integration theory, this book will enable graduate students and researchers to enter this actively developing field. 410 0$aUniversitext,$x0172-5939 606 $aDifferential equations, Partial 606 $aPartial Differential Equations$3https://scigraph.springernature.com/ontologies/product-market-codes/M12155 615 0$aDifferential equations, Partial. 615 14$aPartial Differential Equations. 676 $a515.353 700 $aLinares$b Felipe$4aut$4http://id.loc.gov/vocabulary/relators/aut$0505907 702 $aPonce$b Gustavo$4aut$4http://id.loc.gov/vocabulary/relators/aut 801 0$bMiAaPQ 801 1$bMiAaPQ 801 2$bMiAaPQ 906 $aBOOK 912 $a9910299780203321 996 $aIntroduction to Nonlinear Dispersive Equations$92503201 997 $aUNINA